000 00510nam a2200169 i 4500
001 bg
100 1 _aCZARNIAWSKA, Barbara
245 0 _aProces zarządzania :
_bstudium percepcji kierowników przedsiębiorstw /
_cBarbara Czarniawska.
260 _aWarszawa :
_bPaństwowe Wydaw. Naukowe,
_c1985.
650 9 _aZarządzanie
650 9 _aPrzedsiębiorstwo
_xorganizacja
040 _cBPK
041 _apol
080 _a658.1/.5.012.4:159.94+316
942 _cKS
008 s pl f |000 0 pol
999 _c21877
_d21877
856 _uhttp://koha.tu.koszalin.pl/cgi-bin/koha/opac-detail.pl?biblionumber=21877
_yKatalog online BPK